Environmental factsheets / (Record no. 38829)

MARC details
000 -LEADER
fixed length control field 00780nam a22002057a 4500
005 - DATE AND TIME OF LATEST TRANSACTION
control field 20100803100514.0
010 ## - LCCN (DPL NO)
LC control number ENG-97679
020 ## - INTERNATIONAL STANDARD BOOK NUMBER
Terms of availability 250.00
035 ## - SYSTEM CONTROL NUMBER
System control number EN-81212
037 ## - SOURCE OF ACQUISITION
Source of stock number/acquisition DBAD/PUB
082 ## - DEWEY DECIMAL CLASSIFICATION NUMBER
Classification number 338.184
245 ## - TITLE STATEMENT
Title Environmental factsheets /
Statement of responsibility, etc edited by Madan Lal Meena
260 ## - PUBLICATION, DISTRIBUTION, ETC. (IMPRINT)
Place of publication, distribution, etc West Bengal
Name of publisher, distributor, etc Depertment of Environment Government of West Bengal
Date of publication, distribution, etc 2009
270 ## - ADDRESS
Address Department of Environment Government of West Bengal
City West Bengal
300 ## - PHYSICAL DESCRIPTION
Extent 625p.
Dimensions 21cm (Hb)
650 ## - SUBJECT ADDED ENTRY--TOPICAL TERM
Topical term or geographic name as entry element Environmental Protection
700 ## - ADDED ENTRY--PERSONAL NAME
Personal name Meena, Madan Lal
9 (RLIN) 4673
942 ## - ADDED ENTRY ELEMENTS (KOHA)
Source of classification or shelving scheme Dewey Decimal Classification
Item type English Books
Classification part 338.184
Call number suffix ENV
Holdings
Withdrawn status Lost status Not for loan Collection code Home library Current library Date acquired Source of acquisition Cost, normal purchase price Full call number Barcode Copy number Cost, replacement price Koha item type
    Not For Loan Non-fiction D.B.Act.Division D.B.Act.Division 03/08/2010 DBAD/PUB 250.00 338.184 ENV EN-81212 1 250.00 English Books

© Delhi Public Library
Hit Counter
free hit counter